000 00530nam a2200157 i 4500
001 bgj
100 1 _aBUCHWALD, Reinhard
_d(1884-1983)
245 1 0 _aFührer durch Goethes Fustdichtung :
_bErklärung des Werkes und Geschichte seiner Entstehung /
_cReinhard Buchwald.
260 _aWeimar :
_bVolksverlag,
_c1957.
300 _a408 S. ;
_c19 cm.
600 1 9 _aGoethe, Johan Wolfgang von, 1749-1832: |Faust
_xLiteratur über die Werke
040 _cBPK
041 0 _ager
942 _cKS
008 s gw f |000 0 ger
999 _c50428
_d50428
856 _uhttp://koha.tu.koszalin.pl/cgi-bin/koha/opac-detail.pl?biblionumber=50428
_yKatalog online BPK